=LDR 00000nam 2200000 4500 =001 INLIS000000000013991 =005 20130612105309 =008 ***********************************Ind** =035 ##$$a0010-061300000013991 =041 ##$$a Ind =082 ##$$a 511.3 =090 ##$$a 511.3, Hen l =100 ##$$a Hendrowati, Retno =245 ##$$a Logika matematika, Retno Hendrowati, Ir,MT =260 ##$$a 2002 $b Bandung =300 ##$$a 104 hlm, 25 cm =650 ##$$a Logika simbolis dan matematis =850 ##$$a NBPNMAT =990 ##$$a 0001/BPAP-NTB/20142014